[Event "British Chess Championships 2023: First Rapidplay Open"]
[Site "The Venue, De Montfort University, 20 Western Boulevard, Leicester, LE2 7BU"]
[Date "2023.07.21"]
[Round "5"]
[Board "14"]
[White "Kothari, Jai"]
[Black "Dhemrait, Jagdeep"]
[Result "1/2-1/2"]
[WhiteElo "1966"]
[BlackElo "1718"]
[PlyCount "0"]
[EventDate "2023.07.21"]
[EventRounds "7"]
[EventCountry "ENG"]

1. e4 c5 2. Nf3 Nc6 3. Bc4 g6 4. c3 e6 5. d4 cxd4 6. Bb3 Bg7 7. O-O Nge7 8. Nxd4
O-O 9. Nb5 d5 10. exd5 Nxd5 11. Bxd5 exd5 12. Bf4 Be6 13. Re1 Qd7 14. Nd2 a6 15.
Na3 Rac8 16. Nb3 b6 17. Qd2 Rfe8 18. Be3 Qb7 19. Nc2 Rcd8 20. Ncd4 Ne5 21. Bg5 Rc8
22. Bf4 Nc4 23. Qc2 Bd7 24. Rad1 Re4 25. Rxe4 dxe4 26. Ne2 b5 27. Nbd4 Re8 28. b3
Ne5 29. h3 Nd3 30. Be3 f5 31. Qd2 Rc8 32. Nf4 Nxf4 33. Bxf4 Be8 34. Ne6 Bf6 35. Qd6
Bf7 36. Nc5 Qc6 37. Qxc6 Rxc6 38. Rd6 Rxd6 39. Bxd6 Bxc3 40. Nxa6 Bd5 41. Kf1 Kf7
42. Bb4 Bd4 43. Bc5 Bc3 44. Ke2 Bc6 45. Ke3 Ke6 46. Bb4 Be5 47. g3 g5 48. Bc5 Kd5
49. Bb6 Ke6 50. Nb4 Bb7 51. Nc2 Kd5 52. Kd2 Kc6 53. Bd8 h6 54. Be7 Bg7 55. Ke3 Kd5
56. Nb4+ Ke6 57. Bc5 Be5 58. Ke2 Bg7 59. a4 bxa4 60. bxa4 Kd7 61. h4 gxh4 62. gxh4
h5 63. Ke3 Bc3 64. Kf4 Bxb4 65. Bxb4 Ke6 66. Kg5 Ke5 67. Bc3+ Ke6 68. Kxh5 f4 69.
Kg4 e3 70. Be1 exf2 71. Bxf2 f3 72. Kf4 Kf6 73. Ke5+ Kg6 74. Kd6 Kh5 75. Kc7 Ba6
76. Kb6 Bd3 77. a5 Kg4 78. a6 Be4 79. Ka7 Kh3 80. Kb8 Kg2 81. Bd4 Kg3 82. h5 Kg4
83. h6 Kh5  1/2-1/2

[Event "British Chess Championships 2023: First Rapidplay Open"]
[Site "The Venue, De Montfort University, 20 Western Boulevard, Leicester, LE2 7BU"]
[Date "2023.07.21"]
[Round "5"]
[Board "15"]
[White "Bartram, William"]
[Black "Goatcher, Matthew W"]
[Result "1-0"]
[WhiteElo "1932"]
[BlackElo "1518"]
[PlyCount "0"]
[EventDate "2023.07.21"]
[EventRounds "7"]
[EventCountry "ENG"]

1. e4 Nf6 2. e5 Nd5 3. d4 d6 4. Nf3 Bg4 5. Be2 Nc6 6. O-O g6 7. h3 Bxf3 8. Bxf3 e6
9. Re1 dxe5 10. dxe5 Bg7 11. c4 Nde7 12. Qa4 O-O 13. Bg5 Qe8 14. Bxe7 Nxe7 15. Qa5
b6 16. Qa3 c6 17. Nc3 Qd7 18. Rad1 Qc7 19. Qd6 Rac8 20. g4 Rfd8 21. Qxc7 Rxd1 22.
Qxc8+ Nxc8 23. Rxd1 Ne7 24. Rd8+ Bf8 25. Ne4 Kg7 26. Nf6 h6 27. Nd7  1-0

[Event "British Chess Championships 2023: First Rapidplay Open"]
[Site "The Venue, De Montfort University, 20 Western Boulevard, Leicester, LE2 7BU"]
[Date "2023.07.21"]
[Round "5"]
[Board "16"]
[White "Lee, Alexandre Km"]
[Black "Gopakumar, Siddharth"]
[Result "1-0"]
[WhiteElo "1534"]
[BlackElo "1881"]
[PlyCount "0"]
[EventDate "2023.07.21"]
[EventRounds "7"]
[EventCountry "ENG"]

1. e4 c5 2. Nf3 a6 3. c3 d5 4. exd5 Qxd5 5. d4 e6 6. Be3 Nf6 7. Bd3 Be7 8. O-O Nbd7
9. Re1 Qd6 10. Nbd2 b5 11. Ne4 Nxe4 12. Bxe4 Rb8 13. dxc5 Nxc5 14. Qxd6 Bxd6 15.
Bc6+ Bd7 16. Bxd7+ Nxd7 17. Rad1 Ke7 18. Nd4 Rhc8 19. Bg5+ Kf8 20. Nxe6+ fxe6 21.
Rxd6 Nc5 22. g3 h6 23. Be3 Na4 24. Bd4 Nxb2 25. Rdxe6 Rb7 26. Rxa6 Na4 27. Re3 Rbc7
28. Ra5 Nxc3 29. Bxc3 Rxc3 30. Rxc3 Rxc3 31. Rxb5 Ra3 32. Rb2 Kf7 33. Kf1 g5 34.
Ke2 h5 35. Kd2 h4 36. Kc1 Ke6 37. Kb1 Rf3 38. Rd2 hxg3 39. hxg3 Kf5 40. Kb2 Kg4 41.
a4 Kh3 42. Kb1 g4 43. a5 Rb3+ 44. Ka1 Kg2 45. a6 Rb8 46. a7 Ra8 47. Ra2 Kf3 48. Kb1
Ke4 49. Kc2 Kd4 50. Kd2 Ke4 51. Kc3 Kd5 52. Kd3 Ke5 53. Kc4 Kd6 54. Kd4 Ke6 55. Kc5
Kd7 56. Kd5 Kc7 57. Ke4 Kb7 58. Kf4 Rg8 59. a8=Q+  1-0

[Event "British Chess Championships 2023: First Rapidplay Open"]
[Site "The Venue, De Montfort University, 20 Western Boulevard, Leicester, LE2 7BU"]
[Date "2023.07.21"]
[Round "5"]
[Board "17"]
[White "Graff, Ben"]
[Black "Moore, Gerald"]
[Result "0-1"]
[WhiteElo "1780"]
[BlackElo "2119"]
[PlyCount "0"]
[EventDate "2023.07.21"]
[EventRounds "7"]
[EventCountry "ENG"]

1. e4 c5 2. Nc3 Nc6 3. g3 e6 4. Bg2 Nf6 5. Nge2 Be7 6. O-O O-O 7. d4 cxd4 8. Nxd4
d6 9. Nxc6 bxc6 10. e5 Nd5 11. Nxd5 cxd5 12. exd6 Qxd6 13. Re1 Bb7 14. Bf4 Qb6 15.
b3 Bf6 16. Be5 Bxe5 17. Rxe5 Rac8 18. Qd2 Qc7 19. Qe3 Rfd8 20. f4 d4 21. Qf2 Bxg2
22. Kxg2 Qxc2 23. Re2 Qc6+ 24. Kg1 d3 25. Rd2 Rd7 26. Rad1 Rcd8 27. Qe3 Qa6 28. Kf2
h6 29. Rc1 Qb5 30. Rc4 a5 31. Qe4 Rd5 32. h4 Qd7 33. Rc3 f5 34. Qe3 Qd6 35. Rc4 e5
36. Rc3 e4 37. Ke1 Ra8 38. a4 Qb4 39. Rc7 Qxb3 40. Ra7 Rc8 41. g4 Rc2 42. Ra8+ Kh7
43. Kf2 Qb2 44. Ke1 Qc1+  0-1

[Event "British Chess Championships 2023: First Rapidplay Open"]
[Site "The Venue, De Montfort University, 20 Western Boulevard, Leicester, LE2 7BU"]
[Date "2023.07.21"]
[Round "5"]
[Board "18"]
[White "Reid, Patrick D"]
[Black "Kairat, Alexander"]
[Result "0-1"]
[WhiteElo "1831"]
[BlackElo "1745"]
[PlyCount "0"]
[EventDate "2023.07.21"]
[EventRounds "7"]
[EventCountry "ENG"]

1. d4 Nf6 2. c4 e6 3. Nc3 d5 4. cxd5 exd5 5. Bg5 Be7 6. e3 c6 7. Bd3 Bg4 8. f3 Bh5
9. Nge2 Bg6 10. O-O O-O 11. e4 dxe4 12. fxe4 Nxe4 13. Bxe7 Qxe7 14. Bc4 Nd7 15. Nf4
Nxc3 16. bxc3 Nb6 17. Bb3 Qe3+ 18. Kh1 Qxc3 19. Rc1 Qa5 20. Rc5 Qb4 21. Qf3 Nd5 22.
Nxd5 cxd5 23. Rxd5 Qe7 24. Re5 Qd7 25. d5 Qd6 26. Rfe1 b5 27. h4 h6 28. h5 Bh7 29.
Qg4 a5 30. a4 b4 31. Re7 Rad8 32. Ra7 Qc5 33. Ree7 Rd6 34. Rac7 Qf2 35. Rcd7 Bf5
36. Rxf7 Rxf7 37. Rxf7 Kxf7 38. Qd4 Qxd4  0-1

[Event "British Chess Championships 2023: First Rapidplay Open"]
[Site "The Venue, De Montfort University, 20 Western Boulevard, Leicester, LE2 7BU"]
[Date "2023.07.21"]
[Round "5"]
[Board "19"]
[White "Hayes, Solomon"]
[Black "Vashisht-Pigem, Raman"]
[Result "1-0"]
[WhiteElo "1781"]
[BlackElo "1723"]
[PlyCount "0"]
[EventDate "2023.07.21"]
[EventRounds "7"]
[EventCountry "ENG"]

1. e4 e6 2. d4 d5 3. Nd2 Nc6 4. Ngf3 Nf6 5. e5 Nd7 6. Bd3 Nb4 7. Nb3 c5 8. dxc5 Nxd3+
9. cxd3 Nxc5 10. O-O Be7 11. Be3 b6 12. Rc1 O-O 13. Nxc5 bxc5 14. Bxc5 Bxc5 15. Rxc5
Qb6 16. Rc2 Bd7 17. Qd2 Qa6 18. a3 Bb5 19. Rc3 Rfd8 20. Nd4 Rac8 21. Nxb5 Qxb5 22.
d4 Rc4 23. Rfc1 h6 24. g3 Rdc8 25. Rxc4 dxc4 26. b4 Qa4 27. Rc3 Rd8 28. f3 Qb5 29.
Kf2 Qd5 30. Ke3 f6 31. f4 fxe5 32. fxe5 Rf8 33. Qe2 a5 34. Rxc4 axb4 35. Rxb4 Rc8
36. Qd2 Qh1 37. Rb3 Rc1 38. Rb8+ Kf7 39. Qf2+ Kg6 40. Rb2 Rc3+ 41. Kf4 Qc1+ 42. Kg4
h5+ 43. Kh3 Qg5 44. Rb6 Qg4+ 45. Kg2 Qe4+ 46. Kh3 Rc2 47. Rxe6+ Kh7 48. Qf4 Qg2+
49. Kh4 Qxh2+ 50. Kg5 Qd2 51. Qxd2 Rxd2 52. Rd6 Rd3 53. Kf4 Rxa3 54. e6 Ra1 55. e7
Re1 56. Rd7 Kg8 57. d5 Kf7 58. d6 Rf1+ 59. Kg5 Re1 60. Kxh5 Re5+ 61. Kg4 Re3 62.
Rd8 Re4+ 63. Kf3 Re5 64. Rf8+ Kg6  1-0

[Event "British Chess Championships 2023: First Rapidplay Open"]
[Site "The Venue, De Montfort University, 20 Western Boulevard, Leicester, LE2 7BU"]
[Date "2023.07.21"]
[Round "5"]
[Board "20"]
[White "Lawrence-Cade, Jack"]
[Black "Sasikumar, Srivathsan"]
[Result "1-0"]
[WhiteElo "1649"]
[BlackElo "1787"]
[PlyCount "0"]
[EventDate "2023.07.21"]
[EventRounds "7"]
[EventCountry "ENG"]

1. d4 Nf6 2. Nc3 d5 3. e4 dxe4 4. Bg5 Bf5 5. f3 e3 6. Nge2 e6 7. g4 Bg6 8. h4 h6
9. Bxe3 Bd6 10. Qd2 Nbd7 11. Nf4 Bh7 12. O-O-O Qe7 13. Bc4 c6 14. Rhe1 O-O-O 15.
g5 hxg5 16. hxg5 Ne8 17. Ne4 Bxe4 18. fxe4 Nb6 19. Bb3 Nc7 20. Qg2 e5 21. dxe5 Bxe5
22. Nd3 Bd4 23. Qg4+ Kb8 24. Qf5 Bxe3+ 25. Rxe3 Rhf8 26. Rf1 f6 27. g6 Nb5 28. c3
Nd7 29. Nf4 Ne5 30. Ne6 Nd3+ 31. Kc2 Qd6 32. Nxd8 Rxd8 33. Re2 Nb4+ 34. Kc1 Qd3 35.
Qf4+ Ka8 36. Rd2 Nxc3 37. Rxd3 Ne2+ 38. Kd2 Nxd3 39. Qc7 Rh8 40. Kxe2 Ne5 41. Qxg7
Rh2+ 42. Rf2 Rxf2+ 43. Kxf2 a6 44. Qxf6 Nd3+ 45. Ke3  1-0

[Event "British Chess Championships 2023: First Rapidplay Open"]
[Site "The Venue, De Montfort University, 20 Western Boulevard, Leicester, LE2 7BU"]
[Date "2023.07.21"]
[Round "5"]
[Board "21"]
[White "Al Dakl Alla, Muhammad"]
[Black "Banerji, Kumar"]
[Result "1-0"]
[WhiteElo "1410"]
[BlackElo "1773"]
[PlyCount "0"]
[EventDate "2023.07.21"]
[EventRounds "7"]
[EventCountry "ENG"]

1. d4 Nf6 2. Bf4 g6 3. Nc3 Bg7 4. e4 d6 5. Qd2 O-O 6. Bh6 e5 7. d5 Ne8 8. h4 f5 9.
h5 f4 10. hxg6 hxg6 11. Nf3 Bxh6 12. Rxh6 Kg7 13. Rh2 g5 14. O-O-O g4 15. Ne1 Qf6
16. Nd3 c6 17. Be2 f3 18. gxf3 gxf3 19. Rg1+ Kf7 20. Rh7+ Ng7 21. Rgxg7+ Ke8 22.
Bd1 a5 23. Ne1 b5 24. Bxf3 b4 25. Na4 cxd5 26. Bh5+ Kd8 27. Kb1 dxe4 28. Rg6 Qxf2
29. Qxf2  1-0

[Event "British Chess Championships 2023: First Rapidplay Open"]
[Site "The Venue, De Montfort University, 20 Western Boulevard, Leicester, LE2 7BU"]
[Date "2023.07.21"]
[Round "5"]
[Board "22"]
[White "Thornley, Oliver"]
[Black "Mandnikar, Atreya"]
[Result "1-0"]
[WhiteElo "1759"]
[BlackElo "1692"]
[PlyCount "0"]
[EventDate "2023.07.21"]
[EventRounds "7"]
[EventCountry "ENG"]

1. e4 c5 2. d4 cxd4 3. c3 d3 4. Bxd3 g6 5. Nf3 Bg7 6. O-O Nc6 7. Be3 d6 8. h3 Nf6
9. Qe2 O-O 10. c4 Bd7 11. Nc3 Qc7 12. Rac1 Rfe8 13. Nd2 Ne5 14. Bb1 Be6 15. b3 Nc6
16. f4 Nh5 17. Qf2 Qa5 18. Nd5 Bxd5 19. exd5 Nb4 20. Ne4 f5 21. Ng5 e5 22. dxe6 h6
23. Nf3 Rxe6 24. Nd4 Bxd4 25. Bxd4 Nf6 26. Qh4 Kg7 27. g4 fxg4 28. hxg4 Rf8 29. g5
Nxa2 30. Qxh6+ Kf7 31. Qxg6+ Ke7 32. gxf6+ Kd7 33. Qg7+ Ke8 34. Bg6+  1-0

[Event "British Chess Championships 2023: First Rapidplay Open"]
[Site "The Venue, De Montfort University, 20 Western Boulevard, Leicester, LE2 7BU"]
[Date "2023.07.21"]
[Round "5"]
[Board "23"]
[White "Subin, Samvrit"]
[Black "Pradhan, Ayan"]
[Result "1/2-1/2"]
[WhiteElo "1704"]
[BlackElo "1521"]
[PlyCount "0"]
[EventDate "2023.07.21"]
[EventRounds "7"]
[EventCountry "ENG"]

1. e4 e6 2. Nc3 d5 3. Nf3 Nf6 4. e5 Nfd7 5. d4 c5 6. Bg5 Qb6 7. dxc5 Bxc5 8. Qd2
Bb4 9. a3 Bxc3 10. Qxc3 Nc6 11. Be3 Qc7 12. Bb5 O-O 13. Bxc6 bxc6 14. O-O c5 15.
b4 Ba6 16. Rfd1 Be2 17. Re1 Bxf3 18. gxf3 Qxe5 19. Qxe5 Nxe5 20. Bxc5 Nxf3+ 21. Kf1
Nxe1 22. Rxe1 Rfc8 23. c3 Rc7 24. Re3 a5 25. Bb6 Rb7 26. Bxa5 Rxa5 27. bxa5 Ra7 28.
Re1 Rxa5 29. Ra1 Kf8 30. Ke2 Ke7 31. a4 Kd6 32. Kd3 e5 33. f3 f5 34. c4 g5 35. h3
Kc5 36. cxd5 Kxd5 37. Kc3 Kc5 38. Ra2 h5 39. Re2 Kd5 40. Kb4 Ra8 41. Rd2+ Ke6 42.
a5 e4 43. fxe4 fxe4 44. Ra2 Ke5 45. Kc4 Kf4 46. Rf2 Kg3 47. Rf5 Kh4 48. Kd4 Re8 49.
Ke3 g4 50. hxg4 hxg4 51. Rf4 Kh3 52. Rf7 g3 53. Rh7 Kg2 54. a6 Kg1 55. a7 Kf1 56.
Rf7+ Kg2 57. Re7 Ra8 58. Kxe4 Kf2 59. Rf7+ Ke2 60. Rg7 Kf2 61. Rf7+ Kg1 62. Kf3 g2
63. Rb7  1/2-1/2

[Event "British Chess Championships 2023: First Rapidplay Open"]
[Site "The Venue, De Montfort University, 20 Western Boulevard, Leicester, LE2 7BU"]
[Date "2023.07.21"]
[Round "5"]
[Board "24"]
[White "Godwin, Mark"]
[Black "Moreland, Finlay W"]
[Result "0-1"]
[WhiteElo "1839"]
[BlackElo "1836"]
[PlyCount "0"]
[EventDate "2023.07.21"]
[EventRounds "7"]
[EventCountry "ENG"]

1. e4 g6 2. d4 Bg7 3. c3 c6 4. Be3 d6 5. f4 d5 6. e5 h5 7. Nf3 Bg4 8. h3 Bxf3 9.
Qxf3 e6 10. Nd2 h4 11. Bd3 Nh6 12. g4 hxg3 13. Qxg3 Nd7 14. Nf3 Qe7 15. Rg1 O-O-O
16. O-O-O Rdg8 17. Rg2 Nf5 18. Bxf5 gxf5 19. Rdg1 Bf8 20. Qf2 Rxg2 21. Qxg2 Bh6 22.
Qh2 b6 23. Bf2 f6 24. Bh4 Qf7 25. exf6 Qh5 26. Rg4 Kb7  0-1

[Event "British Chess Championships 2023: First Rapidplay Open"]
[Site "The Venue, De Montfort University, 20 Western Boulevard, Leicester, LE2 7BU"]
[Date "2023.07.21"]
[Round "6"]
[Board "1"]
[White "Han, Yichen"]
[Black "Raju, Sooraj Menothuparambil"]
[Result "1-0"]
[WhiteElo "2530"]
[BlackElo "2237"]
[PlyCount "0"]
[EventDate "2023.07.21"]
[EventRounds "7"]
[EventCountry "ENG"]

1. d4 b6 2. e4 Bb7 3. Nd2 e6 4. Ngf3 g6 5. Bd3 Bg7 6. Qe2 Ne7 7. a4 a6 8. e5 d5 9.
a5 c5 10. c3 Nbc6 11. axb6 Qxb6 12. dxc5 Qxc5 13. O-O Qb6 14. b4 O-O 15. Nb3 Qc7
16. Bf4 d4 17. cxd4 Nxb4 18. Rfc1 Qb6 19. Nc5 Nxd3 20. Qxd3 Nd5 21. Bd2 Bc6 22. Rxa6
Rxa6 23. Qxa6 Qxa6 24. Nxa6 Bb5 25. Nc7 Nxc7 26. Rxc7 h6 27. h4 Rd8 28. Be3 Bf8 29.
Nd2 Bd3 30. g4 Bb4 31. Nc4 Bxc4 32. Rxc4 Bf8 33. Kg2 Kg7 34. Rc7 h5 35. gxh5 gxh5
36. Kf3 Kg6 37. Ke4 Rd5 38. Bg5 Bg7 39. f4 Ra5 40. Rc6 Kh7 41. f5 exf5+ 42. Kxf5
Ra1 43. d5 Ra5 44. Rd6 Ra1 45. Bf6 Rd1 46. Bxg7 Kxg7 47. Rd7 Kf8 48. d6 Rd4 49. Kg5
Re4 50. Re7 Rg4+ 51. Kxh5 Rg6 52. e6  1-0

[Event "British Chess Championships 2023: First Rapidplay Open"]
[Site "The Venue, De Montfort University, 20 Western Boulevard, Leicester, LE2 7BU"]
[Date "2023.07.21"]
[Round "6"]
[Board "2"]
[White "Poulton, James R"]
[Black "Ledger, Andrew J"]
[Result "0-1"]
[WhiteElo "2304"]
[BlackElo "2378"]
[PlyCount "0"]
[EventDate "2023.07.21"]
[EventRounds "7"]
[EventCountry "ENG"]

1. d4 d5 2. c4 c6 3. Nf3 Nf6 4. e3 Bf5 5. cxd5 cxd5 6. Qb3 Qc7 7. Nc3 e6 8. Bb5+
Nc6 9. Ne5 Bd6 10. Ba4 O-O 11. Nb5 Qa5+ 12. Bd2 Bb4 13. Bxb4 Nxb4 14. O-O Bc2 15.
Qa3 Qxa4  0-1

[Event "British Chess Championships 2023: First Rapidplay Open"]
[Site "The Venue, De Montfort University, 20 Western Boulevard, Leicester, LE2 7BU"]
[Date "2023.07.21"]
[Round "6"]
[Board "3"]
[White "Dong, Bao Nghia"]
[Black "Matlak, Oleksandr"]
[Result "1-0"]
[WhiteElo "2351"]
[BlackElo "2155"]
[PlyCount "0"]
[EventDate "2023.07.21"]
[EventRounds "7"]
[EventCountry "ENG"]

1. d4 Nf6 2. Bf4 g6 3. e3 Bg7 4. h3 d6 5. Nf3 O-O 6. Bc4 c6 7. O-O b5 8. Be2 Bb7
9. Nbd2 Nbd7 10. c4 a6 11. a4 b4 12. Bh2 a5 13. e4 Qb6 14. e5 Ne8 15. Nb3 dxe5 16.
c5 Qa7 17. Nxe5 Nxe5 18. dxe5 Nc7 19. Bc4 Ba6 20. Qe2 Bxc4 21. Qxc4 Nd5 22. Nd4 Rac8
23. Rfd1 e6 24. Nf3 Qb8 25. Qe4 Rfd8 26. h4 Bf8 27. Rac1 Qa7 28. Qc4 Rb8 29. Rd3
b3 30. Rxb3 Rxb3 31. Qxb3 Bxc5 32. Qc2 Bd4 33. Bg3 Nb4 34. Qe2 Rd5 35. h5 c5 36.
Nxd4 Rxd4 37. Qb5 gxh5 38. Rxc5 h4 39. Qe8+ Kg7 40. Rc8 Rd1+ 41. Kh2 hxg3+ 42. Kxg3
Nd5 43. Qf8+ Kg6 44. Qh8 f6 45. Ra8 Qc7 46. f4 fxe5 47. Rg8+ Kf5 48. Rg5+ Ke4 49.
Rxe5+ Kd3 50. Qf8 Qc4 51. Rxe6 Ne3 52. Qa3+ Kc2 53. Rxe3 Kb1 54. b4 Kc2 55. bxa5
Rd4 56. Rf3 Rd2 57. Qf8 Qe2 58. Qc5+ Kd1 59. Qf2 Qe6 60. Qg1+ Kc2 61. Qc5+ Kb1 62.
Qb6+  1-0

[Event "British Chess Championships 2023: First Rapidplay Open"]
[Site "The Venue, De Montfort University, 20 Western Boulevard, Leicester, LE2 7BU"]
[Date "2023.07.21"]
[Round "6"]
[Board "4"]
[White "Badacsonyi, Stanley"]
[Black "Tozer, Philip Aa"]
[Result "1-0"]
[WhiteElo "2187"]
[BlackElo "2036"]
[PlyCount "0"]
[EventDate "2023.07.21"]
[EventRounds "7"]
[EventCountry "ENG"]

1. d4 e6 2. Nc3 Nf6 3. Bf4 a6 4. e3 d5 5. Bd3 Bd6 6. Bxd6 Qxd6 7. Nf3 Nbd7 8. O-O
c5 9. dxc5 Nxc5 10. Re1 O-O 11. e4 dxe4 12. Bxe4 Ncxe4 13. Nxe4 Qe7 14. Qd4 Rd8 15.
Nxf6+ Qxf6 16. Qxf6 gxf6 17. Rad1 Bd7 18. Nd2 Bc6 19. Nc4 Kf8 20. f3 Ke7 21. Kf2
Rxd1 22. Rxd1 Rd8 23. Rxd8 Kxd8 24. Na5 Kc7 25. Nxc6 Kxc6 26. g4 Kd5 27. Ke3 Ke5
28. c4 h6 29. h4 Kd6 30. b4 Kc6 31. Kd4 Kd6 32. f4 Kc6 33. a4 Kd6 34. h5 e5+ 35.
Ke4 Ke6 36. c5 exf4 37. Kxf4 f5 38. g5  1-0

[Event "British Chess Championships 2023: First Rapidplay Open"]
[Site "The Venue, De Montfort University, 20 Western Boulevard, Leicester, LE2 7BU"]
[Date "2023.07.21"]
[Round "6"]
[Board "5"]
[White "Subramanian, Anusha"]
[Black "Honarvarmahalati, Hooman"]
[Result "1-0"]
[WhiteElo "1808"]
[BlackElo "1862"]
[PlyCount "0"]
[EventDate "2023.07.21"]
[EventRounds "7"]
[EventCountry "ENG"]

1. b3 Nf6 2. Bb2 d5 3. Nf3 Bf5 4. e3 e6 5. d4 c5 6. Bb5+ Nc6 7. c4 a6 8. Bxc6+ bxc6
9. O-O Qb6 10. cxd5 cxd5 11. Nc3 c4 12. Na4 Qb5 13. bxc4 dxc4 14. Ne5 Rc8 15. Rc1
Bd6 16. Ba1 O-O 17. Nc3 Qa5 18. e4 Bxe5 19. exf5 Rfd8 20. fxe6 Bxd4 21. exf7+ Kxf7
22. Qf3 Qh5 23. Qb7+ Kg8 24. Ne4 Ng4 25. h3 Be5 26. Bxe5 Nxe5 27. Qxa6 Rc6 28. Qb7
Rg6 29. Ng3 Qg5 30. Rc3 Qd2 31. Re3 Nd3 32. Rf3 Ne5 33. Rf5 Qd6 34. Re1 Nd7 35. Qe4
 1-0

[Event "British Chess Championships 2023: First Rapidplay Open"]
[Site "The Venue, De Montfort University, 20 Western Boulevard, Leicester, LE2 7BU"]
[Date "2023.07.21"]
[Round "6"]
[Board "6"]
[White "Dougherty, Michael"]
[Black "Kueh, Audrey"]
[Result "0-1"]
[WhiteElo "2167"]
[BlackElo "2093"]
[PlyCount "0"]
[EventDate "2023.07.21"]
[EventRounds "7"]
[EventCountry "ENG"]

1. g3 d5 2. Bg2 Bf5 3. d3 Nf6 4. Nd2 Bg6 5. Ngf3 e6 6. O-O Nbd7 7. c4 c6 8. b3 h6
9. Bb2 Be7 10. a3 O-O 11. b4 a5 12. Qb3 b5 13. cxb5 cxb5 14. Rac1 Qb6 15. Bd4 Qa6
16. Rc7 Bd6 17. Rc2 Rfc8 18. Rfc1 Rxc2 19. Rxc2 axb4 20. axb4 Qa4 21. Bc5 Rc8 22.
Ra2 Qxb3 23. Nxb3 Nxc5 24. bxc5 Bxc5 25. Ne5 Be7 26. Bh3 Bf5 27. Bxf5 exf5 28. Ra7
Kf8 29. Nd4 Ng4 30. Nxf5 Nxe5 31. Nxe7 Rd8 32. Nf5 Rb8 33. Nd4 b4 34. f4 b3 35. Nxb3
Nxd3 36. Nd4 Nc5 37. Nc6 Rc8 38. Ne5 Kg8 39. Rxf7 Ne4 40. Rd7 Nf6 41. Ra7 Rc2 42.
Kf2 Ne4+ 43. Ke3 Nf6 44. g4 d4+ 45. Kd3 Rc8 46. g5 Nd5 47. gxh6 Nxf4+ 48. Ke4 Ne6
49. hxg7 Rc2 50. Ng4 Nxg7 51. Kd3 Rb2 52. Rd7 Ne6 53. Nf6+ Kf8 54. Nd5 Nc5+ 55. Kxd4
Nxd7  0-1

[Event "British Chess Championships 2023: First Rapidplay Open"]
[Site "The Venue, De Montfort University, 20 Western Boulevard, Leicester, LE2 7BU"]
[Date "2023.07.21"]
[Round "6"]
[Board "7"]
[White "Brewer, Callum D"]
[Black "Buanne, Luca"]
[Result "1-0"]
[WhiteElo "2071"]
[BlackElo "2000"]
[PlyCount "0"]
[EventDate "2023.07.21"]
[EventRounds "7"]
[EventCountry "ENG"]

1. e4 e5 2. Nf3 Nc6 3. Nc3 Nf6 4. h3 Bb4 5. Nd5 O-O 6. c3 Bc5 7. b4 Bb6 8. Nxf6+
Qxf6 9. Bc4 Qg6 10. Qe2 Qxg2 11. Rg1 Qxh3 12. d3 d6 13. Rg3 Qh5 14. Rg5 Qh1+ 15.
Rg1 Qh3 16. Rg3 Qd7 17. Bh6 g6 18. Bxf8 Kxf8 19. Qd2 Kg7 20. O-O-O Ne7 21. Rh1 Ng8
22. Ng5 Nf6 23. Nxh7 Nxh7 24. Qh6+ Kg8 25. Qxh7+ Kf8 26. Rxg6 d5 27. Qh8+ Ke7 28.
Qf6+  1-0

[Event "British Chess Championships 2023: First Rapidplay Open"]
[Site "The Venue, De Montfort University, 20 Western Boulevard, Leicester, LE2 7BU"]
[Date "2023.07.21"]
[Round "6"]
[Board "8"]
[White "Pilley, Jack"]
[Black "Fellowes, Billy"]
[Result "0-1"]
[WhiteElo "2037"]
[BlackElo "1941"]
[PlyCount "0"]
[EventDate "2023.07.21"]
[EventRounds "7"]
[EventCountry "ENG"]

1. e4 Nc6 2. Nf3 d6 3. d4 Nf6 4. Nc3 Bg4 5. Bb5 a6 6. Bxc6+ bxc6 7. h3 Bh5 8. Bf4
e6 9. O-O Be7 10. Qd3 O-O 11. Rfe1 d5 12. Ne5 Qe8 13. g4 Bg6 14. Nxg6 hxg6 15. Bxc7
Qd7 16. Bg3 dxe4 17. Nxe4 Rfd8 18. Rad1 Nd5 19. a3 Qb7 20. c4 Nf6 21. Re2 c5 22.
Nxf6+ Bxf6 23. d5 exd5 24. cxd5 Bd4 25. d6 a5 26. Rde1 Qd5 27. Qb5 Qf3 28. Kh2 Kh7
29. Qc4 Rab8 30. Qc1 Rb6 31. Qg5 Bf6 32. Qxc5 Rc6 33. Qxa5 Rcxd6 34. Re3 Qb7 35.
Bxd6 Rxd6 36. Qc5 Rd2 37. R3e2 Rd3 38. Re3 Rd2 39. R1e2 Rd1 40. f3 Bd4 41. Qc2 Bxe3
42. Qxd1 Qxf3 43. Qf1 Qxf1  0-1

[Event "British Chess Championships 2023: First Rapidplay Open"]
[Site "The Venue, De Montfort University, 20 Western Boulevard, Leicester, LE2 7BU"]
[Date "2023.07.21"]
[Round "6"]
[Board "9"]
[White "Bartram, William"]
[Black "Wells, Tony D"]
[Result "0-1"]
[WhiteElo "1932"]
[BlackElo "2026"]
[PlyCount "0"]
[EventDate "2023.07.21"]
[EventRounds "7"]
[EventCountry "ENG"]

1. e4 e5 2. Nf3 Nc6 3. d4 exd4 4. Bc4 Nf6 5. e5 d5 6. Bb5 Ne4 7. Nxd4 Bc5 8. O-O
Bd7 9. Bxc6 bxc6 10. f3 Ng5 11. f4 Ne4 12. Be3 Qe7 13. c3 f6 14. exf6 Qxf6 15. Nd2
Nxd2 16. Qxd2 O-O 17. Rae1 a5 18. f5 a4 19. Ne6 Bxe3+ 20. Rxe3 Rf7 21. Nxc7 Raf8
22. Na6 Bxf5 23. Ref3 Qe7 24. Nb4 Qb7 25. Qg5 h6 26. Qh5 Qb6+ 27. Kh1 Be6 28. Rxf7
Rxf7  0-1

[Event "British Chess Championships 2023: First Rapidplay Open"]
[Site "The Venue, De Montfort University, 20 Western Boulevard, Leicester, LE2 7BU"]
[Date "2023.07.21"]
[Round "6"]
[Board "10"]
[White "Godwin, Mark"]
[Black "Lee, Alexandre Km"]
[Result "0-1"]
[WhiteElo "1839"]
[BlackElo "1534"]
[PlyCount "0"]
[EventDate "2023.07.21"]
[EventRounds "7"]
[EventCountry "ENG"]

1. e4 e6 2. d4 d5 3. exd5 exd5 4. c4 Bb4+ 5. Nc3 Nf6 6. Nf3 O-O 7. Bg5 Re8+ 8. Be2
dxc4 9. O-O Bg4 10. Bxc4 Nc6 11. Nd5 Be7 12. Nxe7+ Qxe7 13. Re1 Qd6 14. Bb5 Rxe1+
15. Qxe1 Bxf3 16. Bxf6 Qxf6 17. gxf3 Nxd4 18. Qa5 Qg5+ 19. Kf1 Qxb5+ 20. Qxb5 Nxb5
21. Rd1 Kf8 22. a4 Nd6 23. b4 Ke7 24. Kg2 Kd7 25. f4 Re8 26. Kf3 c6 27. h4 h5 28.
Rd2 Kc7 29. Rd3 Nf5 30. b5 Nxh4+ 31. Kg3 Nf5+ 32. Kg2 Re4 33. bxc6 bxc6 34. Rc3 Rxa4
 0-1

[Event "British Chess Championships 2023: First Rapidplay Open"]
[Site "The Venue, De Montfort University, 20 Western Boulevard, Leicester, LE2 7BU"]
[Date "2023.07.21"]
[Round "6"]
[Board "11"]
[White "Moore, Gerald"]
[Black "Hayes, Solomon"]
[Result "1-0"]
[WhiteElo "2119"]
[BlackElo "1781"]
[PlyCount "0"]
[EventDate "2023.07.21"]
[EventRounds "7"]
[EventCountry "ENG"]

1. d4 Nf6 2. c4 e6 3. g3 d5 4. Bg2 Be7 5. Nf3 O-O 6. O-O dxc4 7. Na3 Bxa3 8. bxa3
Bd7 9. a4 Bc6 10. Ba3 Re8 11. Qc2 Nbd7 12. Rfe1 a5 13. Qxc4 Nb6 14. Qd3 Nxa4 15.
e4 Nb6 16. Ne5 Ba4 17. Rac1 Nbd7 18. Qc3 c6 19. Qb2 Qb6 20. Qxb6 Nxb6 21. Rb1 Bb5
22. Bf1 Bxf1 23. Kxf1 Ra6 24. Bc5 Na4 25. Rxb7 Nxc5 26. dxc5 h6 27. f3 Rd8 28. Ke2
Rd4 29. Rd1 Ra4 30. Rd8+ Kh7 31. Rf8 Rxa2+ 32. Kf1 Rxh2 33. Rfxf7 h5 34. Rxg7+  1-0